• 首页
  • 本馆介绍
  • 公告通知
  • 最新文献
  • 馆藏检索
  • 电子资源
  • 读者导购
  • 参考咨询
  • 我的图书馆
  • 登录
  • 详细信息显示
  • 放入我的书架
  • 预约/预借图书
  • 作者相关作品
  • 分类相关作品
  • 丛书相关作品
  • 出版社相关作品

书目信息

  • 表格格式
  • 工作单格式
  • 卡片格式
题名:
爵士鼓演奏技巧
    
 
作者: 吕青山 , 杨晟 编著
分册:  
出版信息: 北京   现代出版社  2015
页数: 142页
开本: 29cm
丛书名: 一学就会演奏系列
单 册:
中图分类: J625.96
科图分类:
主题词: 爵士鼓--jue shi gu--奏法
电子资源:
ISBN: 978-7-5143-3028-1
000 00932nam0 22002651 450
001 0102093650
005 20170402093650.0
010    @a978-7-5143-3028-1@dCNY33.00
100    @a20150310d2015 em y0chiy50 ea
101 0  @achi
102    @aCN@b110000
105    @aag z 000yy
106    @ar
200 1  @a爵士鼓演奏技巧@Ajue shi gu yan zou ji qiao@f吕青山,杨晟编著
210    @a北京@c现代出版社@d2015
215    @a142页@c图@d29cm
225 2  @a一学就会演奏系列@Ayi xue jiu hui yan zou xi lie
330    @a本书从爵士鼓的发展历程与乐器了解作为切入点,带领初学者从小军鼓的基本技术与认知开始入手,通过每一单元的概念理解、练习条例与自我评测系统,逐渐掌握爵士鼓的演奏技术。
461  0 @12001 @a一学就会演奏系列
606 0  @a爵士鼓@Ajue shi gu@x奏法
690    @aJ625.96@v5
701  0 @a吕青山@Alv qing shan@4编著
701  0 @a杨晟@Ayang sheng@4编著
801  0 @aCN@bTANGWEI@c20170308
905    @b0964702-4@dJ625.96@e295@f3
    
    爵士鼓演奏技巧/吕青山,杨晟编著.-北京:现代出版社,2015
    142页:图;29cm.-(一学就会演奏系列)
    
    
    ISBN 978-7-5143-3028-1:CNY33.00
    本书从爵士鼓的发展历程与乐器了解作为切入点,带领初学者从小军鼓的基本技术与认知开始入手,通过每一单元的概念理解、练习条例与自我评测系统,逐渐掌握爵士鼓的演奏技术。
●
相关链接 在E读中查询图书 在五车中查询图书 在当当中查询图书 在豆瓣中查询图书


正题名:爵士鼓演奏技巧     索取号:J625.96/295         预约/预借

序号 登录号 条形码 馆藏地/架位号 状态 备注
1 0964702   209647024   第一样本阅览室/ [索取号:J625.96/295] 在馆    
2 0964703   209647033   第一借阅区/ [索取号:J625.96/295] 在馆    
3 0964704   209647042   第一借阅区/ [索取号:J625.96/295] 在馆    
唐山师范学院图书馆 欢迎您!
大连网信软件有限公司© 版权所有